| 000 | 00666nam a2200229Ia 4500 | ||
|---|---|---|---|
| 003 | OSt | ||
| 005 | 20221006143035.0 | ||
| 006 | a|||||r|||| 00| 0 | ||
| 007 | ta | ||
| 008 | 221006b |||||||| |||| 00| 0 eng d | ||
| 024 | _a7,878 | ||
| 037 |
_bGift, Japan Foundation _cTextual |
||
| 040 |
_aEASL _cEASL _beng |
||
| 041 |
_2eng _aeng |
||
| 082 | _aA.42.N7, L7 | ||
| 100 |
_aNAKAYAMA Shigeru _9482228 |
||
| 245 | 0 | _aCharacteristics of scientific development in Japan | |
| 260 |
_aNew Delhi _bCSIR _c1977 |
||
| 300 |
_a64p. _ccm. |
||
| 942 |
_hA.42.N7, L7 _cTEXL _2CC |
||
| 999 |
_c1075964 _d1075964 |
||